عرض عادي
عرض مارك
- Taylor, Gordon
مدخل إسم شخص
001 - رقم الضبط
- حقل الضبط: 89560
003 - معرف رقم الضبط
- حقل الضبط: OSt
005 - تاريخ ووقت أخر عملية
- حقل الضبط: 20220314180753.0
008 - عناصر بيانات ثابتة الطول
- حقل تحكم ثابت الطول: 220314|| aca||aabn | a|a d
040 ## - مصدر الفهرسة
- هيئة الفهرسة الأصلية: OSt
- وكالة الكتابة: OSt
100 ## - مدخل -- أسم شخص
- إسم شخص: Taylor, Gordon
- الشكل الكامل للاسم: (Gordon Bruce Vernon),
- تواريخ مرتبطة بالاسم: 1941-
670 ## - بيانات المصدر موجوده
- الاستشهاد بالمصدر: Work cat.: (OSt)0: Taylor, Gordon (Gordon Bruce Vernon), 1941-, A student's writing guide :, 2009.
